000 01237nam a2200301 a 4500
008 120416s2005 ||||||||||||||||| || u
020 _a0470022159
050 _aHD 6955 Ess
100 _aHolman, David (David J.)
245 1 4 _aThe essentials of the new workplace
_cedited by David Holman [and others]
246 _aa guide to the human impact of modern working practices
260 _aWest Sussex
_bJohn Wiley and Sons
_c2005.
300 _axii, 255 p.
350 _a0.00
500 _aRev. ed. of: The new workplace. 2003. -Includes bibliographical references and indexes.
650 0 _aPSYCHOLOGY--INDUSTRIAL
650 _aHuman-machine systems
650 _aWORK ENVIRONMENT
650 0 _aJOB SATISFACTION
650 0 _aQUALITY OF WORK LIFE
650 _aINDUSTRY
650 0 _aINDUSTRIAL RELATIONS
650 _aWORK DESIGN
856 _uhttp://www.loc.gov/catdir/enhancements/fy0616/2004016048-d.html
856 _uhttp://www.loc.gov/catdir/enhancements/fy0616/2004016048-b.html
856 _uhttp://www.loc.gov/catdir/toc/ecip0420/2004016048.html
995 _D0.00
_FCBU-MAIN LIBRARY (Kitwe)
_H1
_I17.50
_M1
_UAVAILABLE
_ZMain Library Open Access Collection
999 _c42474
_d42474